Birds of prey of the world : a coloured guide to identification of all the diurnal species order Falconiformes = Die Greifvogel der Welt : ein farbiger Fuhrer zur Bestimmung der Ordnung Falconiformes /

Bibliographic Details
Main Author: Weick, Friedhelm
Other Authors: Brown, Leslie
Format: Book
Language:English
German
Published: Hamburg : Parey, [1980]
Subjects:

MARC

Tag First Indicator Second Indicator Subfields
LEADER 00000cam a2200000 a 4500
001 in00000069841
005 20151008055857.0
008 820419s1980 gw a b 00110 eng
010 |a  81164207  
015 |a GFR80-A38 
020 |a 3490085183 :  |c DM78.00 
035 |a (OCoLC)08430461 
035 |9 AAJ4619AM 
039 0 |a 2  |b 3  |c 3  |d 3  |e 3 
040 |a DLC  |c DLC  |d TXA  |d UtOrBLW 
041 0 |a eng  |a ger 
049 |a TXAM  |c [933197]  |a TXAS [kaid]  |c 2,3 
050 0 0 |a QL696.F3  |b W44 
082 0 |a 598/.91  |2 19 
100 1 |a Weick, Friedhelm. 
245 1 0 |a Birds of prey of the world :  |b a coloured guide to identification of all the diurnal species order Falconiformes = Die Greifvogel der Welt : ein farbiger Fuhrer zur Bestimmung der Ordnung Falconiformes /  |c Friedhelm Weick in collaboration with Leslie H. Brown. 
246 3 1 |a Die Greifvogel der Welt  
264 1 |a Hamburg :  |b Parey,  |c [1980] 
264 4 |c ©1980 
300 |a 159 pages :  |b illustrations (some color) ;  |c 29 cm. 
336 |a text  |b txt  |2 rdacontent 
337 |a unmediated  |b n  |2 rdamedia 
338 |a volume  |b nc  |2 rdacarrier 
500 |a English and German. 
500 |a Includes indexes. 
504 |a Bibliography: pages 156-159. 
650 0 |a Falconiformes  |x Identification. 
700 1 |a Brown, Leslie. 
740 0 |a Greifvogel der Welt. 
999 |a MARS 
999 f f |s 68d5542d-1df7-30eb-b8e3-fed0af0debcb  |i 213a4da3-eadf-3159-9c5e-71443423ee0b  |t 0 
952 f f |p noncirc  |a Texas A&M University  |b College Station  |c Cushing Memorial Library & Archives  |d Cushing: Kincaid/Misc. (Remote Storage: 2-3 day retrieval)  |t 0  |e QL696.F3 W44 1980  |h Library of Congress classification  |i unmediated -- volume 
952 f f |p ric  |a Texas A&M University  |b Rellis Campus  |c Joint Library Facility  |d Remote Storage  |t 0  |e QL696.F3 W44  |h Library of Congress classification  |i unmediated -- volume  |m A14806221821 
952 f f |p noncirc  |a Texas A&M University  |b College Station  |c Cushing Memorial Library & Archives  |d Cushing: Kincaid/Misc. (Remote Storage: 2-3 day retrieval)  |t 0  |e QL696.F3 W44 1980  |h Library of Congress classification  |i unmediated -- volume 
998 f f |a QL696.F3 W44 1980  |t 0  |l Cushing: Kincaid/Misc. (Remote Storage: 2-3 day retrieval) 
998 f f |a QL696.F3 W44  |t 0  |l Remote Storage 
998 f f |a QL696.F3 W44 1980  |t 0  |l Cushing: Kincaid/Misc. (Remote Storage: 2-3 day retrieval)